01876nam a2200313 a 450000100100000000500170001000800410002702000150006804000250008308200170010810000380012524501130016326000480027630000200032450000970034450000670044150501910050850400700069950400310076960000820080065000280088204900090091095201300091995201300104995201300117995201150130995201210142499900170154500002160320240226130803.0100909s1997 dr 000 0 spa d a9768156473 aDO-SdBNPbspacBNPHU a923.7bV635s1 aVicioso, Sherezada,d1948-91950410aSalomé Ureña de Henríquez (1850-1897) :ba cien años de un magisterio /cSherezada Vicioso (Chiqui). aSanto Domingo :bEditora de Colores,c1997. a48 p. ;c21 cm. aEdición especial de la XXIV Feria Nacional del Libro Salomé Ureña de Henríquez 1997. aIncluye datos biográficos de la autora en la contracubierta.0 aIntroducción - La República Dominicana de Salomé -- Praxis poética -- El positivismo -- La creación del Instituto de señoritas Salomé Ureña de Henríquez -- Referencias. aIncluye referencias bibliográficas y notas al pie de páginas. aBibliografías : p. 47-48 0aUREÑA DE HENRIQUEZ, SALOME,d1850-1897xCRÍTICA E INTERPRETACIÓN923820 0aPoesía dominicana966 aBNPD 001054708DSaGRbGRcHDd2010-09-09iLF1l0o923.7 V635sp21603-30r2020-06-25te. 3w2020-06-25yLFDSZPréstamo en sala 001054708DSaGRbGRcHDd2011-04-13iLF1l0o923.7 V635sp21603-40r2020-06-25te. 4w2020-06-25yLFDSZPréstamo en sala 001054708DSaGRbGRcHDd2013-07-02iLF1l0o923.7 V635sp21603-50r2020-06-25te. 5w2020-06-25yLFDSZPréstamo en sala 0010718PDaPDbPDcHDd2010-09-09iLF1l0o923.7 V635sp21603-10r2020-06-25w2020-06-25yLFPDZNo se presta 0010718PDaPDbPDcHDd2010-09-09iLF1l0o923.7 V635sp21603-20r2020-06-25te. 2w2020-06-25yLFPDZNo se presta c21102d21102